Religión en la educación pública. Análisis comparativo de su regulación jurídica en las Américas, Europa e Israel
Αποθηκεύτηκε σε:
| Κύριος συγγραφέας: | |
|---|---|
| Μορφή: | Βιβλίο |
| Γλώσσα: | Αγγλικά |
| Έκδοση: |
Madrid, España:
Fundación Universitaria Española,
2010
|
| Σειρά: | Colección Monografías, 134
|
| Θέματα: | |
| Ετικέτες: |
Προσθήκη ετικέτας
Δεν υπάρχουν, Καταχωρήστε ετικέτα πρώτοι!
|
MARC
| LEADER | 00000nam a22000007a 4500 | ||
|---|---|---|---|
| 003 | CL-VaPUC | ||
| 005 | 20220906133027.0 | ||
| 008 | 220419b2010 ||||| |||| 00| 0 eng d | ||
| 999 | |c 435428 |d 435426 | ||
| 020 | |a 978-84-7392-756-7 | ||
| 040 | |c Pontificia Universidad Católica de Valparaíso | ||
| 082 | 0 | 4 | |2 22 |a 344.0796 ASI 2010 |
| 100 | 1 | |a Asiaín Pereira, Carmen |e coordinadora |9 868570 | |
| 245 | 1 | 0 | |a Religión en la educación pública. |b Análisis comparativo de su regulación jurídica en las Américas, Europa e Israel |
| 260 | |a Madrid, España: |b Fundación Universitaria Española, |c 2010 | ||
| 300 | |a 548 páginas | ||
| 490 | 0 | |a Colección Monografías, 134 | |
| 500 | |a C.1 Donación Carlos Salinas Araneda. Memo 002. 13/01/2022 | ||
| 583 | |c 20220419 |k Catalogador Asistente | ||
| 650 | 1 | |a Educación religiosa |x Derecho y legislación |z América Latina |x Congresos y asambleas |9 870519 | |
| 650 | 1 | |a Educación religiosa |x Derecho y legislación |z Europa |x Congresos y asambleas |9 870520 | |
| 650 | 1 | |a Educación religiosa |x Derecho y legislación |z Israel |x Congresos y asambleas |9 870521 | |
| 942 | |2 ddc |c BK | ||
| 952 | |0 0 |1 0 |2 ddc |4 0 |6 344_079600000000000_ASI_2010 |7 0 |8 A |9 582646 |a BIBDER |b BIBDER |c GEN |d 2022-04-19 |e Donación |i 5650799 |o 344.0796 ASI 2010 |p 5650799 |r 2023-01-25 |t 1 |w 2022-04-19 |y BK |k DER | ||